Missing Word: Physics A-Z Quiz Stats

Quiz Updated Mar 3, 2016

Challenge
Share
Tweet
Embed
Score 0/26 Timer 04:00
2 Plays Today
Physics Term Missing Word % Correct
______ EinsteinAlbert
99.6%
___ BangBig
98.9%
_______ HawkingStephen
93.6%
_____ NewtonIsaac
93.1%
_____ CurieMarie
91.7%
Absolute ____Zero
90.6%
Space-____ ContinuumTime
90.3%
Black ____Hole
89.3%
Light-____ (Unit of Distance)Year
89.2%
_______ MechanicsQuantum
89.1%
Gamma ___ BurstRay
86.8%
_____ Scale of TemperatureKelvin
86.5%
___ of Conservation of EnergyLaw
81.7%
Physics Term Missing Word % Correct
_____ (Unit of Heat)Joule
81.5%
_-___ DiffractionX-Ray
81.4%
Watts, Volts, Amps, and ____Ohms
80.3%
Schrödinger's ___Cat
76.4%
______ TeslaNikola
72.2%
_____ HorizonEvent
60.6%
Four Fundamental ______Forces
58.7%
______ Effect/______ ShiftDoppler
58.5%
_______ Light SpectrumVisible
58.3%
Newton's Law of Universal ___________Gravitation
54.6%
Heisenberg ___________ PrincipleUncertainty
49.5%
Kepler's Laws of _________ MotionPlanetary
45.4%
____ Nuclear ForceWeak
42.3%

Today's Daily Dose

Missing Word
Law Misconceptions

Word Ladder
Easy Math

On This Day
January 20th

You're not logged in!

Compare scores with friends on all Sporcle quizzes.
Sign Up with Email
OR
Log In

You Might Also Like...

Show Comments

Extras

Top Quizzes Today


Score Distribution

Your Account Isn't Verified!

In order to create a playlist on Sporcle, you need to verify the email address you used during registration. Go to your Sporcle Settings to finish the process.